[Event "Nord West Cup 05th"]
[Site "Bad Zwischenahn"]
[Date "2003.??.??"]
[Round "1"]
[White "Lanka, Zigurds"]
[Black "Groothoff, Franz"]
[Result "1-0"]
[WhiteElo "2509"]
[BlackElo "1967"]
[PlyCount "73"]
[EventDate "2003.02.??"]
[EventType "swiss"]
[EventRounds "7"]
[EventCountry "GER"]
[SourceTitle "EXT 2004"]
[Source "ChessBase"]
[SourceDate "2003.11.25"]
[SourceVersion "1"]
[SourceVersionDate "2003.11.25"]
[SourceQuality "1"]

1. e4 e5 2. Nf3 d6 3. d4 Nf6 4. Nc3 Nbd7 5. Bc4 Be7 6. 0-0 0-0 7. Re1 c6 8. a4 b6 9. b3 a6 10. Bd3 Re8 11. Bb2 Qc7 12. Ne2 Bf8 13. Ng3 g6 14. c3 Bb7 15. b4 Bg7 16. Qb3 h6 17. Rad1 Rad8 18. Qa2 b5 19. a5 Nh7 20. c4 bxc4 21. Bxc4 Re7 22. Rc1 Qb8 23. Qb3 Nhf8 24. h4 Ne6 25. h5 Rde8 26. hxg6 fxg6 27. dxe5 dxe5 28. Nf5 gxf5 29. exf5 c5 30. fxe6 Kh8 31. exd7 Rxd7 32. Ng5 Rd2 33. Nf7+ Kh7 34. Rcd1 Rxb2 35. Qxb2 e4 36. Rd7 Bc6 37. Ng5+ 1-0